Star Wars - Mort subite - Statistiques

Statistiques générales
  • Ce quiz a été pris 2 277 fois
  • Le résultat moyen est 14 sur 18
Answers on the Grid
Answers color-coded by a green-red scale on the quiz's grid according to % correct below.
Qui-Gon Jinn
Elsa
Cody
Frodo Baggins
Yoda
Master Chief
Padmé Amidala
Willy Wonka
Bossk
Luke Skywalker
Mace Windu
Palpatine
Mystique
Ahsoka Tano
Ash Ketchum
Shaak Ti
Han Solo
Tony Montana
Boba Fett
Anne Shirley
Ackbar
Maximilian Veers
R2D2
Rey
Sans
Agent 47
Samus Aran
Lama Su
Pippi Longstocking
Obi-Wan Kenobi
 
Statistiques - réponses
Réponse % Correct
Qui-Gon Jinn
94%
Yoda
94%
Luke Skywalker
91%
Palpatine
91%
Han Solo
90%
Padmé Amidala
90%
R2D2
89%
Obi-Wan Kenobi
88%
Boba Fett
87%
Mace Windu
87%
Rey
86%
Ahsoka Tano
81%
Ackbar
66%
Shaak Ti
62%
Cody
60%
Bossk
50%
Lama Su
42%
Maximilian Veers
23%
Aucun quiz correspondant
Distribution des résultats
% des personnes avec chaque résultat
Percentile par nombre de réponses
Votre historique - résultats
Vous n’avez pas pris ce quiz